| 000 | 00942nmc a2200277 a 4500 | ||
|---|---|---|---|
| 003 | AR-BaBNM | ||
| 005 | 20251128210748.0 | ||
| 008 | 111020s1998 ||||||||||||||000 | spa|| | ||
| 020 | _a950-07-1350-0 | ||
| 040 | _cAR-BaBNM | ||
| 245 | 1 | 0 |
_aBreve antología de cuentos fantásticos _bBorges, Rojas, Hernández, Ribeyro, Poe, Cortázar, Fuentes, Daudet, Bioy Casares, Kipling, Calvino |
| 260 |
_aBuenos Aires _bSudamericana _c1998 |
||
| 300 |
_a330 p. _eguía de trabajo para el profesor |
||
| 490 | 0 | _aSudamericana joven. Cuento | |
| 500 | _aContiene glosarios y referencias de los autores seleccionados en la presente antología | ||
| 650 | 4 | _aANTOLOGIAS | |
| 650 | 4 | _aLITERATURA CONTEMPORANEA | |
| 650 | 4 | _aESCRITORES | |
| 653 | _aCUENTO FANTASTICO | ||
| 655 | _aLITERATURA | ||
| 700 | 1 |
_aGonzález, María Inés _ecompilador |
|
| 700 | 1 |
_aGrosso, Marcela _ecompilador |
|
| 800 | 0 | _aCanela | |
| 942 | _cBK | ||
| 998 | _cMARTIN | ||
| 999 |
_c16786 _d16786 |
||